| 000 | 00771nam a2200181Ia 4500 | ||
|---|---|---|---|
| 005 | 20240604054830.0 | ||
| 008 | 240331s9999 xx 000 0 und d | ||
| 020 | _a8188789240 | ||
| 082 |
_bREM _a371 |
||
| 245 | 0 |
_aRemapping Knowledge : _bThe Making of South Asian Studies in India, Europe and American 19th - 20th Centuries |
|
| 250 | _a1 st | ||
| 260 |
_aGurgaon(Haryana) _bThree Essays _c2004 |
||
| 300 | _axvii,135 p., | ||
| 500 | _aThis book seeks to document the constitution of bodies of knowledge on South Asia spanning two centuries (19-20 th),by providing a genealogy of the institutionalisation and transformations occurring in South Asian studies across Europe,India and the United Nations. | ||
| 700 | _aAssayag. J. | ||
| 700 | _aBenei. V. | ||
| 942 | _cL | ||
| 999 |
_c5717 _d5717 |
||